000 00503nam a22001817a 4500
005 20251108164057.0
008 250721s1994 xx 000 0 ara d
082 1 4 _a155.2/حظ
245 1 0 _aالحظ و الشخصية /
250 _aط5
264 1 _aبيروت :
_bدار الآفاق الجديدة،
_c1994.
300 _a151ص
490 0 _aالسيكولوجية المبسطة
650 1 7 _aعلم النفس
650 1 7 _aسيكولوجية الفرد
942 _2ddc
_cBK
999 _c3030
_d3030